000 00719nam a2200289Ia 4500
008 160321s9999||||xx |||||||||||||| ||und||
040 _cEnglish
082 _aXI.C Aiyer
082 _bBORI-96736
100 _aSivaswamy Aiyer
245 _aEvolution of Hindu Moral Ideals
260 _aCalcutta
260 _bThe Calcutta University
260 _c1935
300 _axix+242
300 _cB
300 _eHardbound
530 _u00047803.pdf
563 _aStudy
600 _aSivaswamy Aiyer
630 _aEvolution of Hindu Moral Ideals
650 _aGeneral Indology
650 _aPhilosophy
700 _aSivaswamy Aiyer
730 _aEvolution of Hindu Moral Ideals
942 _cBOOK
999 _c1373064
_d1373061